Central Library OPAC University of Rajshahi

Human physiology / (Record no. 12532)

MARC details
000 -LEADER
fixed length control field 00761nam a2200265 a 4500
001 - CONTROL NUMBER
control field 12532
003 - CONTROL NUMBER IDENTIFIER
rucl marc code BD-RjUL
005 - DATE AND TIME OF LATEST TRANSACTION
control field 20211208235318.0
008 - FIXED-LENGTH DATA ELEMENTS--GENERAL INFORMATION
fixed length control field 140129s19601942enkacf 001 0 eng d
035 ## - SYSTEM CONTROL NUMBER
System control number (BD-RjUL)12581
System control number (BD-RjUL)
040 ## - CATALOGING SOURCE
Original cataloging agency QUT
Language of cataloging eng
Transcribing agency QUT
Modifying agency ANL:NR
041 ## - LANGUAGE CODE
Language code of text/sound track or separate title eng
082 04 - DEWEY DECIMAL CLASSIFICATION NUMBER
Classification number 612
Author mark and year WAH 1960
100 1# - MAIN ENTRY--PERSONAL NAME
Personal name Walker, Kenneth.
9 (RLIN) 39017
245 10 - TITLE STATEMENT
Title Human physiology /
Statement of responsibility, etc. by Kenneth Walker.
260 ## - PUBLICATION, DISTRIBUTION, ETC. (IMPRINT)
Place of publication, distribution, etc. Harmondsworth, England :
Name of publisher, distributor, etc. Penguin,
Date of publication, distribution, etc. 1942.[reprinting 1960]
300 ## - PHYSICAL DESCRIPTION
Pagination 126 p., 2 leaves of plates :
Illustrations ill., port. ;
Size 18 cm.
490 1# - SERIES STATEMENT
Series statement Pelican books ;
Volume/sequential designation A102
504 ## - BIBLIOGRAPHY, ETC. NOTE
Bibliography, etc includes index
650 #0 - SUBJECT ADDED ENTRY--TOPICAL TERM
Topical term or geographic name as entry element Human physiology.
9 (RLIN) 38167
830 #0 - SERIES ADDED ENTRY--UNIFORM TITLE
Volume number/sequential designation A102.
Uniform title Pelican book ;
942 ## - ADDED ENTRY ELEMENTS (KOHA)
Source of classification or shelving scheme Dewey Decimal Classification
Koha item type Books
Holdings
Lost status Source of classification or shelving scheme Damaged status Not for loan Collection code Permanent Location Current Location Shelving location Date acquired Source of acquisition Cost, normal purchase price Total Checkouts Full call number Date last seen Copy number Koha item type
  Dewey Decimal Classification   Not For Loan Non-fiction Central Library, University of Rajshahi Central Library, University of Rajshahi Reading Room 16/02/1963 Zeitlinger 6.00   612 WAH 1960 29/01/2014 C-1 Books
  Dewey Decimal Classification   Not For Loan Non-fiction Central Library, University of Rajshahi Central Library, University of Rajshahi Reading Room 16/02/1963 Zeithlinger. 6.00   612 WAH 1960 29/01/2014 C-2 Books
  Dewey Decimal Classification     Non-fiction Central Library, University of Rajshahi Central Library, University of Rajshahi   16/02/1963 Zeitlinger 61.00   612 WAH 1960 02/08/2016 C-3 Books
  Dewey Decimal Classification     Non-fiction Central Library, University of Rajshahi Central Library, University of Rajshahi   16/02/1965 Zeitlinger 6.00   612 WAH 1960 28/05/2017 C-4 Books